000 01063nam a2200265Ia 4500
003 OSt
005 20220923211531.0
006 a|||||r|||| 00| 0
007 ta
008 220922b |||||||| |||| 00| 0 hin d
020 _a9789381838112 (hbk)
_c300
024 _a290,142
037 _b24573, 15/03/2016, Kitab Ghar
_cTextual
040 _aARTS
_cARTS
_bhin
041 _2hin
_ahin
082 _aO152,1J32,12:g(Delta25), Q3
100 _aशर्मा, प्रेम प्रकाश
245 0 _aविनय पत्रिका में भक्ति - दर्शन और काव्य
246 _aVinaya patrikā mean bhakti - darshan aur kāvya
260 _aदिल्ली
_b व्रजेश्वरी प्रकाशन
_c2013
300 _a216पृ.
_ccm.
650 _aहिन्दी साहित्य
_9156264
942 _hO152,1J32,12:g(Delta25), Q3
_cTEXL
_2CC
999 _c300525
_d300525